| 000 -LEADER |
| fixed length control field |
00564cam a22001217a 4500 |
| 008 - FIXED-LENGTH DATA ELEMENTS--GENERAL INFORMATION |
| fixed length control field |
180718b-- xxu||||| |||| 00| 0 eng d |
| 082 ## - DEWEY DECIMAL CLASSIFICATION NUMBER |
| Classification number |
B7x5421 Ut8l |
| 100 ## - MAIN ENTRY--PERSONAL NAME |
| Personal name |
United Provinces. Local Self-Government Committee |
| 245 ## - TITLE STATEMENT |
| Title |
Report of the Local Self-Government Committee appointed by the United Provinces Government |
| 260 ## - PUBLICATION, DISTRIBUTION, ETC. |
| Place of publication, distribution, etc. |
Allahabad |
| Name of publisher, distributor, etc. |
Superintendent, Printing and Stationery |
| Date of publication, distribution, etc. |
-- |
| 300 ## - PHYSICAL DESCRIPTION |
| Extent |
2 Parts |
| 500 ## - GENERAL NOTE |
| General note |
Contents: Pt. 1. Gaon Panchayats and Town Area Committees, 1941. 101p;Pt. 2. District Board Municipal Boards and Improvement Trusts, 1948. 44p. |